Poštové rozhľady mesačník Povereníctva pôšt

Bibliographic Details
New Title:Náš poštár
Format: Journal
Language:Slovak
PhysicalDescription:2 zv. fotogr. 30 cm
Published: Bratislava Povereníctvo pôšt v Bratislave 1947-1948
Subjects:

MARC

LEADER 00000cas a2200000 a 4500
001 vtls010301967
003 SK-MaSNL
005 20260228162801.0
008 110810d19471948xo mr|p r 0 b0slo
040 |a SNK  |b slo  |c SNK  |e AACR2 
041 0 |a slo 
044 |a xo  |c SK 
072 7 |a 656.8  |x Poštové služby a správa  |2 konspekt 
072 7 |a 351  |x Úlohy verejnej správy, správne opatrenia. Legislatíva  |2 konspekt 
080 |a 656.8  |2 2001 
080 |a 725.16  |2 2001 
080 |a 050  |2 2001 
080 |a 351.816  |2 2001 
245 0 0 |a Poštové rozhľady  |b mesačník Povereníctva pôšt 
260 |a Bratislava  |b Povereníctvo pôšt v Bratislave  |c 1947-1948 
300 |a 2 zv.  |b fotogr.  |c 30 cm 
310 |a 1x mesačne 
362 0 |a Roč. I, č. 1 (1947)-roč. II, č. 12 (1948) 
500 |a Redaktori sa menia 
580 |a Koncom r. 1948 zanikol, nahradil ho Náš poštár 
650 0 7 |a poštové služby  |9 70200 
655 7 |a špecializované časopisy  |2 SNKPH  |9 70509 
785 0 0 |t Náš poštár  |w vtls010301675 
910 |a snk 
916 |a 1947-1948 
958 |a OND 
999 |c 8340  |d 10270 
952 |0 0  |1 0  |4 0  |7 0  |8 5  |a SNK  |b SNK  |d 2023-05-29  |i snkF 3336/47  |l 0  |o snkČSB 452/1/1947 D1  |p 17A1348797  |r 2026-02-21 19:29:50  |t č. 1-6  |w 2026-02-21  |y PREZ 
952 |0 0  |1 0  |4 0  |7 0  |a SNK  |b SNK  |d 2001-09-13  |f 1  |i snk916/49  |l 0  |o snkČSB 452/2/1948  |p 17A0315542  |r 2005-01-02 00:00:00  |t č. 1-12  |w 2026-02-21  |y PREZ 
952 |0 0  |1 0  |4 0  |7 0  |a SNK  |b SNK  |d 2001-09-13  |f 1  |i snk1104/48  |l 0  |o snkČSB 452/1/1947  |p 17A0315543  |r 2005-01-02 00:00:00  |t č. 1-6  |w 2026-02-21  |y PREZ